000 00845nam a22002177a 4500
999 _c7377
_d7377
003 AR-CdUCM
008 190320b ||||| |||| 00| 0 spa d
040 _aMUNICIPALIDAD PROVINCIAL DEL CUSCO
_cBIBLIOTECA MUNICIPAL DEL CUSCO
041 _heng
082 _a621.381 /
_bG48
100 _aGilmour, W. D.
_920791
245 _aEquipos electrónicos en la industria /
260 _aBilbao :
_bUrmo,
_c1970.
300 _a281 páginas ;
_bIlustraciones,
_c25 cm.
500 _aTitulo original: Electronic equipment in industry.
505 _aTécnicas electrónicas de medida -- Comunicaciones y telemetrias -- Fijación de especificaciones -- Diseño de los equipos según las especificaciones ...
650 _aElectrónica industrial
_920539
700 _aMuñoz Rodriguez, Antonio (traductor)
_920792
942 _2ddc
_cLIBROS
945 _aacv